[Event "AUTO-INT-75"]
[Site "http://www.queenalice.com/game.php?id=52830"]
[Date "2006.2.13"]
[Round "1"]
[White "joeuno"]
[Black "jajerduco"]
[Result "0-1"]
[WhiteElo "1310"]
[BlackElo "1452"]

1. c4 g6 2. Nc3 Bg7 3. d3 Bxc3+ 4. bxc3 Nf6 5. g3 O-O 6. Bb2 e5 7. Qb3 d6 8. d4
Ne4 9. Nf3 Qf6 10. c5 dxc5 11. Nxe5 Qxf2+ 12. Kd1 Be6 13. dxc5 Bxb3+ 14. axb3
Nxc5 15. b4 Rd8+ 16. Kc2 Qf5+ 17. Kc1 Nb3# 0-1

[Event "AUTO-INT-75"]
[Site "http://www.queenalice.com/game.php?id=52831"]
[Date "2006.2.13"]
[Round "1"]
[White "jajerduco"]
[Black "joeuno"]
[Result "1-0"]
[WhiteElo "1490"]
[BlackElo "1300"]

1. e4 Nc6 2. Bb5 Nd4 3. Nc3 c6 4. Bc4 b5 5. Bd3 Nf6 6. Nf3 Bb7 7. Nxd4 Qb6 8.
Nf5 g6 9. Nd4 Qxd4 10. O-O e5 11. Qf3 h5 12. Qxf6 Rg8 13. Ne2 Be7 14. Qf3 f6 15.
Nxd4 Bc5 16. Nb3 O-O-O 17. Nxc5 Rde8 18. Qxf6 1-0

[Event "AUTO-INT-81"]
[Site "http://www.queenalice.com/game.php?id=57796"]
[Date "2006.3.16"]
[Round "1"]
[White "dlabedz"]
[Black "joeuno"]
[Result "1-0"]
[WhiteElo "1245"]
[BlackElo "1190"]

1. d4 Nf6 2. c4 d5 3. c5 Ne4 4. Qc2 Na6 5. f3 Nf6 6. e4 dxe4 7. fxe4 Qxd4 8. Ne2
Qxe4 9. Qxe4 Nxe4 10. g3 Naxc5 11. Be3 Nd3+ 12. Kd1 Nxb2+ 13. Kc2 Nc4 14. Bd4
1-0

[Event "Challenge"]
[Site "http://www.queenalice.com/game.php?id=143050"]
[Date "2006.12.18"]
[Round "-"]
[White "joeuno"]
[Black "FENIX_40"]
[Result "0-1"]
[WhiteElo "1156"]
[BlackElo "1467"]

1. Nc3 e5 2. e4 Nc6 3. d3 Bc5 4. Nd5 Nf6 5. Be3 Bb4+ 6. Nxb4 Nxb4 7. Qd2 a5 8.
d4 Nxe4 9. Qe2 exd4 10. Bxd4 d5 11. Bxg7 Rg8 12. Be5 f6 13. Bd4 c5 14. Be5 fxe5
15. O-O-O Bg4 16. Qb5+ Kf8 17. f3 Qg5+ 18. Kb1 Nd2+ 19. Kc1 Nxf1+ 20. Kb1 Nd2+
0-1

[Event "AUTO-BEG-55"]
[Site "http://www.queenalice.com/game.php?id=148455"]
[Date "2006.12.31"]
[Round "1"]
[White "oleonearm"]
[Black "joeuno"]
[Result "1-0"]
[WhiteElo "1358"]
[BlackElo "1142"]

1. d4 Nf6 2. c4 e6 3. Nc3 d5 4. cxd5 exd5 5. Nf3 Bd6 6. e3 O-O 7. Bd3 Bd7 8. Bc2
c6 9. O-O c5 10. dxc5 Bxc5 11. Nxd5 Ne4 12. Bxe4 Bb5 13. Bd3 Qxd5 14. Bxb5 Qh5
15. Bd2 a6 16. Be2 Nc6 17. Bc3 Rae8 18. Qd3 Ne7 19. Ne5 Qg5 20. Bf3 Nc6 21. Nxc6
bxc6 22. Bxc6 Rd8 23. Qe4 Rd6 24. f4 Qg4 25. Be5 Rd2 26. Bd4 1-0

[Event "AUTO-BEG-55"]
[Site "http://www.queenalice.com/game.php?id=148456"]
[Date "2006.12.31"]
[Round "1"]
[White "joeuno"]
[Black "oleonearm"]
[Result "0-1"]
[WhiteElo "1150"]
[BlackElo "1350"]

1. d4 d5 2. Bf4 Nf6 3. e3 e6 4. Nc3 Bb4 5. Qf3 Nc6 6. O-O-O Bxc3 7. bxc3 O-O 8.
Bd3 e5 9. dxe5 Bg4 10. Qg3 Bxd1 11. exf6 Bh5 12. fxg7 Re8 13. Bxh7+ Kxh7 14. Bg5
f6 15. Bf4 Kg8 16. Bh6 Re4 17. Nh3 Rc4 18. Nf4 Bf7 19. Rd1 Rxc3 20. Nh5 Bxh5 21.
e4 Bxd1 22. Kxd1 Qe7 23. Qxc3 Qxe4 24. f3 Qd4+ 0-1

[Event "AUTO-BEG-55"]
[Site "http://www.queenalice.com/game.php?id=148471"]
[Date "2006.12.31"]
[Round "1"]
[White "walbert"]
[Black "joeuno"]
[Result "1-0"]
[WhiteElo "1335"]
[BlackElo "1174"]

1. e4 Nc6 2. d4 e6 3. Bc4 d5 4. exd5 Bb4+ 5. c3 Nxd4 6. Qxd4 Ba5 7. Qxg7 exd5 8.
Qxh8 Ke7 9. Bg5+ f6 10. Qxh7+ Kd6 11. Bf4+ Kc5 12. Bd3 Qe8+ 13. Ne2 d4 14. b4+
Bxb4 15. cxb4+ Kxb4 16. Bd2+ Kc5 17. Qxc7+ Kd5 18. Qc4+ Ke5 19. Qxd4+ Ke6 20.
Bc4+ Ke7 21. Bb4# 1-0

[Event "AUTO-BEG-55"]
[Site "http://www.queenalice.com/game.php?id=148472"]
[Date "2006.12.31"]
[Round "1"]
[White "joeuno"]
[Black "walbert"]
[Result "0-1"]
[WhiteElo "1164"]
[BlackElo "1359"]

1. Nc3 e5 2. e4 Nc6 3. Bc4 Nf6 4. d3 Bc5 5. Nf3 O-O 6. O-O d6 7. a4 Be6 8. Ng5
Bxc4 9. dxc4 b6 10. Be3 Bxe3 11. fxe3 g6 12. b4 Nxb4 13. Ra3 h6 14. Nh3 c5 15.
Nd5 Nfxd5 16. cxd5 Qh4 17. Qf3 Nxc2 18. Rb3 f5 19. exf5 Rxf5 20. Qe2 Rxf1+ 21.
Qxf1 Rf8 22. a5 Rxf1+ 23. Kxf1 Qc4+ 0-1